| 000 | 00722nas a2200217 4500 | ||
|---|---|---|---|
| 001 | BR6200409 | ||
| 003 | BR-BrBNA | ||
| 005 | 20231205082151.0 | ||
| 007 | ta | ||
| 008 | 230509b bl.|||p| |||| 00| 00por d | ||
| 040 |
_aBR-BrBNA _bpor _cBiblioteca Nacional de Agricultura |
||
| 041 | _a(Pt) | ||
| 072 | _aH10 | ||
| 100 | 1 | _aZamith, A.P.L. | |
| 245 | 1 | _aAnatomia morfologica, externa e interna da lagarta, e do adulto da Brassolis Sophorae Laurentii Stichel, 1925 | |
| 650 | _aLAGARTA | ||
| 650 | _aANATOMIA ANIMAL | ||
| 773 | 0 |
_tAnais da Escola Superior de Agricultura Luiz de Queiroz (Brazil) _xISSN 0071-1276 _g(1962), v. 19 p. 341-451 _wBR6200409 |
|
| 909 |
_a202311 _bLúcia _c55 _dLúcia Elande |
||
| 942 |
_2AGRIS _n0 _cANA |
||
| 999 |
_c89665 _d89665 |
||